| 000 | 01076cab a2200313 4500 | ||
|---|---|---|---|
| 001 | ABS51842 | ||
| 008 | 090401t1994 xxu||||| |||| 00| 0 eng d | ||
| 035 | _a(Sirsi) u46334 | ||
| 041 | _aeng | ||
| 100 | _aBaldwin, R. | ||
| 245 | _aImplementing the Mallinson Report on commercial property valuations | ||
| 260 | _c1994 | ||
| 350 | _a0 | ||
| 490 |
_aProperty Review _v4(6) November 1994, 186-189(4) |
||
| 520 | _aExamines the background to the issue of best valuation practice and the current position in respect of implementation of the Mallinson Report. | ||
| 650 | _aAPPRAISAL AND VALUATION STANDARDS BOARD | ||
| 650 | _aASSET VALUATION | ||
| 650 | _aGROVER COMMITTEE | ||
| 650 | _aMALLINSON REPORT | ||
| 650 | _aMANUAL OF VALUATION AND APPRAISAL STANDARDS | ||
| 650 | _aPROPERTY CYCLES | ||
| 650 | _aRED AND WHITE BOOK | ||
| 650 | _aRICS APPRAISAL AND VALUATION MANUAL | ||
| 650 | _aSTATEMENTS OF ASSET VALUATION PRACTICE & GUIDANCE NOTES | ||
| 650 | _aVALUATION PRACTICE | ||
| 690 | _aRATING AND VALUATION | ||
| 942 | _n0 | ||
| 948 | _c04/03/1997 | ||
| 999 |
_c29314 _d29314 |
||